Politica y economía, un duo que desafina (Registro nro. 18115)
[ vista simple ]
| 000 -LEADER | |
|---|---|
| fixed length control field | 00359 a2200121 4500 |
| 001 - CONTROL NUMBER | |
| control field | ART_12903 |
| 005 - DATE AND TIME OF LATEST TRANSACTION | |
| control field | 20260410161734.0 |
| 008 - FIXED-LENGTH DATA ELEMENTS--GENERAL INFORMATION | |
| fixed length control field | 260409a |
| 100 1# - MAIN ENTRY--PERSONAL NAME | |
| Personal name | Fraga, Rosendo |
| 245 10 - TITLE STATEMENT | |
| Title | Politica y economía, un duo que desafina |
| 700 1# - ADDED ENTRY--PERSONAL NAME | |
| Personal name | Graziano, Walter |
| 773 0# - HOST ITEM ENTRY | |
| Title | Ejecutivos de finanzas |
| Related parts | - Año 7, Nº 67 (jul. 1990) |
| Record control number | REV2863 |
No hay ítems disponibles.